| 000 | 01249nam a22003737a 4500 | ||
|---|---|---|---|
| 003 | OSt | ||
| 005 | 20260421102639.0 | ||
| 007 | Texto | ||
| 008 | 260421b xxu||||| |||| 00| 0 eng d | ||
| 020 | _a9789962857600 | ||
| 040 |
_aBIESPA _bspa _cBIESPA |
||
| 041 | _aspa | ||
| 082 |
_221 _a345.7287 _bK95 |
||
| 100 | _aKuan Guerrero, Juan Antonio | ||
| 245 |
_aLa Fase Intermedia en el sistema Penal Acusatorio Panameño: _bGuía de Litigación _cJuan Antonio Kuan Guerrero. |
||
| 260 |
_aPanamá,: _cIbañez _b2021 |
||
| 300 |
_a172 páginas, _c23 cm, cuadros |
||
| 336 |
_2rdacontent _atexto _btxt |
||
| 337 |
_2rdamedia _ano mediado _bn |
||
| 338 |
_2rdacarrier _avolumen _bnc |
||
| 440 | _aEjemplar No.3115 Ubicación Derecho Penal. | ||
| 500 | _aVersion original en español. Contiene índica analítico. | ||
| 650 |
_2Tesauros _aDerecho Procesal Penal |
||
| 650 |
_2Tesauros _aSobreseimiento |
||
| 650 |
_2Tesauros _aDefensa |
||
| 650 |
_2Tesauros _aLitigación |
||
| 650 |
_2Tesauros _aMedidas cautelares |
||
| 650 |
_2Tesauros _aMedidas cautelares |
||
| 650 |
_2Tesauros _aAdmisibilidad |
||
| 700 |
_4Autores Invitados _aCarlos Barragán Quiroz, Ruth Cecilia Aizpú Ramos. |
||
| 856 | _yÍndice | ||
| 942 |
_2ddc _cBK |
||
| 990 | _aemd | ||
| 999 |
_c4197 _d4197 |
||